LIBRARY & INFORMATION CENTRE, KCAET, TAVANUR

ONLINE PUBLIC ACCESS CATALOGUE (OPAC)

Ten minute guide to microsoft office 2000 / (Record no. 2969)

MARC details
000 -LEADER
fixed length control field 00462cam a2200169ua 4500
020 ## - INTERNATIONAL STANDARD BOOK NUMBER
ISBN 81 203 1566 9
041 ## - LANGUAGE CODE
Language code of text/sound track or separate title eng
082 ## - DEWEY DECIMAL CLASSIFICATION NUMBER
Classification number 005.369
Item number ACK/TE
100 ## - MAIN ENTRY--AUTHOR NAME
Personal name Acklen, Laura .
245 ## - TITLE STATEMENT
Title Ten minute guide to microsoft office 2000 /
260 ## - PUBLICATION, DISTRIBUTION, ETC. (IMPRINT)
Place of publication New Delhi :
Name of publisher Prentice Hall of India Pvt Ltd. ,
Year of publication 2001.
300 ## - PHYSICAL DESCRIPTION
Number of Pages 228 ; .
942 ## - ADDED ENTRY ELEMENTS (KOHA)
Koha item type Books
Holdings
Withdrawn status Lost status Damaged status Home library Current library Date acquired Full call number Accession Number Koha item type
      KAUAET KAUAET 07/04/2012 005.369 20601 Books
free website counter